MARC details
| 000 -LEADER |
| fixed length control field |
018950000a22002770004500 |
| 003 - CONTROL NUMBER IDENTIFIER |
| control field |
LK-CoMWRAF |
| 008 - FIXED-LENGTH DATA ELEMENTS--GENERAL INFORMATION |
| fixed length control field |
230817t ||||| |||| 00| 0 eng d |
| 040 ## - CATALOGING SOURCE |
| Original cataloging agency |
LK-CoMWRAF |
| Modifying agency |
LK-CoMWRAF |
| Description conventions |
LK-CoMWRAF |
| 041 ## - LANGUAGE CODE |
| Language code of text/sound track or separate title |
English |
| 942 ## - ADDED ENTRY ELEMENTS (KOHA) |
| Koha item type |
Books |
| 700 ## - ADDED ENTRY--PERSONAL NAME |
| Personal name |
Amaratunga,, Carol |
| Relator Term |
editor |
| 245 ## - TITLE STATEMENT |
| Title |
Youth risk Behaviour |
| Remainder of title |
|
| 260 ## - PUBLICATION, DISTRIBUTION, ETC. (IMPRINT) |
| Name of publisher, distributor, etc. |
Marga Institute & University of Ottawa |
| Place of publication, distribution, etc. |
Colombo 06 (Sri Lanka) |
| Date of publication, distribution, etc. |
2008 |
| 300 ## - PHYSICAL DESCRIPTION |
| Extent |
p.189 |
| 490 ## - SERIES STATEMENT |
| Series statement |
Marga Journal - Special Issue (March 2008) |
| 650 ## - SUBJECT ADDED ENTRY--TOPICAL TERM |
| Topical term or geographic name as entry element |
Literature reviiew of Tobacco use by youth in Asia: Identifying knowledge gaps and future Tobacco control research needs for Youth in Post-conflict and Post-disaster Sri Lanka (Rosemerry Kennedy) |
| 650 ## - SUBJECT ADDED ENTRY--TOPICAL TERM |
| Topical term or geographic name as entry element |
Profile of Sexual and Reproductive Inequalities affecting Chilean Adolescents (Andrea Martinez) |
| 650 ## - SUBJECT ADDED ENTRY--TOPICAL TERM |
| Topical term or geographic name as entry element |
Rebuilding Paradise lost: A reflection on youth risk Behaviour in Sri Lanka and the search for security (Carol Amaratunga) |
| 650 ## - SUBJECT ADDED ENTRY--TOPICAL TERM |
| Topical term or geographic name as entry element |
Risk and Risiliency: Theoritical perspectives on Youth Health and Well-being (Heather Smith Fowler, Sonia Ter Kuile, Jill Hardt, Carol Amaratunga, Sujatha Liyanage) |
| 650 ## - SUBJECT ADDED ENTRY--TOPICAL TERM |
| Topical term or geographic name as entry element |
Risky Behaviour: A Gender-based- Analysis of the Detriments to Health and Well-being of Young Men and Women in Post-conflict Sri Lanka (Sarath Amarasinghe, Chandika Gunasinghe, Ayesha Godagama) |
| 650 ## - SUBJECT ADDED ENTRY--TOPICAL TERM |
| Topical term or geographic name as entry element |
Suicide and Sri Lankan Youth (Himalee Waidyasekera) |
| 650 ## - SUBJECT ADDED ENTRY--TOPICAL TERM |
| Topical term or geographic name as entry element |
The Prevalence and Risk factors of Risk Behaviours among late Adolescents (17-19 years) in Sri Lanka Neil Thalagala) |
| 650 ## - SUBJECT ADDED ENTRY--TOPICAL TERM |
| Topical term or geographic name as entry element |
Tobacco use and Production among Youth in Post-conflict and Developing Countries: The Perils of Globalization and Trade Liberalization (Ethel Tungohan and Lorraine Greaves) |
| 650 ## - SUBJECT ADDED ENTRY--TOPICAL TERM |
| Topical term or geographic name as entry element |
Young People's Initiation into Sexuality in Sri Lanka Society (Kalinga Tudor Silva, Stephen C. Schensul) |
| 650 ## - SUBJECT ADDED ENTRY--TOPICAL TERM |
| Topical term or geographic name as entry element |
Youth Suicides in Sri Lanka (Dr. Ranil Abeyasing) |